000 00864nam a22002657a 4500
999 _c14288
_d14288
003 AR-CdUCM
008 190422b ||||| |||| 00| 0 spa d
020 _a978-84-683-0604-9
040 _aMUNICIPALIDAD PROVINCIAL DEL CUSCO
_cBIBLIOTECA MUNICIPAL DEL CUSCO
041 _hspa
082 _aEP / 803
_bS52
100 _aSierra i Fabra, Jordi
_932979
245 _aLas habichuelas mágicas /
260 _aBarcelona :
_bGrupo Edebé,
_c2012.
300 _a22 páginas ;
_bIlustraciones,
_c29 cm.
440 _aCuentos tradicionales para el siglo XXI
_933014
505 _aContenido: Las habichuelas mágicas.
650 _aCuentos Infantiles
_93830
650 _aLiteratura infantil
_9588
650 _aSiglo XXI
_92856
650 _aFabulas
_94606
700 _aRovira, Francesc (ilustracion)
_933015
942 _2ddc
_cLIBROS
945 _acmm
_d2019-04-22